000 00937 a2200205 4500
001 118912
020 _a9781906861759
041 _aeng
082 _a[E]
520 _aFrustrado com a rotina de sua vida, Shrek faz um acordo com o trapaceiro Rumpelstiltskin - que quer ser o rei de Far Far Away. Ele troca um dia de sua vida atual por um dia como um ogro livre e solteiro. Mas, após a troca, Shrek se vê diante de uma realidade diferente da que imaginava: Rumpelstiltskin é rei, a princesa Fiona é uma guerreira defensora da liberdade, e Shrek nunca existiu. Será que ele conseguirá desfazer o feitiço de Rumpelstiltskin?
521 _aYear 3
697 _aChildren - Fiction
856 _u000032/000032eb.jpg
040 _aBR-BrIDEA
_cBR-BrIDEA
090 _aA Year 3 [E]
_bSHR
245 1 0 _aShrek
_bforever after
260 _aLondon
_bRichmond
_c2011
300 _a32 p.
_bil. color
_e22.2 x 14.8 x 0.8 cm
942 _cBK
999 _c118912
_d118912